Koleksi kutbah Jumaat jilid 2

Bibliographic Details
Main Author: Abdul Aziz Ismail
Format: Book
Published: Kuala Lumpur : Al-Hidayah Publishers , 1998
Subjects:

MARC

LEADER 00000cam a2200000 7i4500
001 0000045234
005 20010608.0
020 |a 9830990710 
090 0 0 |a 297.37   |b ABD 
100 0 |a Abdul Aziz Ismail 
245 1 0 |a Koleksi kutbah Jumaat jilid 2   |c Abdul Aziz Ismail 
255 |a Jilid 2 
260 |a Kuala Lumpur :   |b Al-Hidayah Publishers ,   |c 1998 
300 |a 151p. ;   |c 21cm. 
650 0 0 |a Islamic sermons 
999 |a 00074476   |b BUKU   |c PINJAMAN   |e PERPUSTAKAAN KOMUNITI PETALING JAYA